000 00426nam a2200181Ia 4500
001 12987
005 20260306163020.0
008 260306t2005||||xx |||||||||||||| ||spa||
041 _aESP
082 _aRD 541.303
_bC84
100 _aCosta, J. M.
_eAUT
245 0 _aDiccionario de Química Física
260 _c2005
300 _a893 páginas :
_c25 cm.
650 _aGEN
654 _aCCN
942 _cDIC
_dJUS
_fJUS
_2ddc
_n
999 _c12987
_d12987